| 000 | 00488mm a2200193a 44500 | ||
|---|---|---|---|
| 001 | NM030176 | ||
| 003 | RG CODE MARC | ||
| 008 | 05020sprin ||||||||||||||000 | heb|| | ||
| 005 | 20251028183345.0 | ||
| 040 | _aORG CODE MARC | ||
| 130 |
_a[Biblia. Hebreo. 1957] _941010 |
||
| 245 | _aHebrew Bible | ||
| 260 |
_aTulsa, Okla. _bOral Roberts |
||
| 300 |
_a[2], 483 p. _b13 cm. |
||
| 520 | _aProfetas y escrituras de la TorĂ¡ | ||
| 653 | _aBIBLIA HEBREA | ||
| 653 | _aTANAJ | ||
| 942 | _cBK | ||
| 999 |
_c29483 _d29483 |
||